| 000 | 00628nam a22002177a 4500 | ||
|---|---|---|---|
| 003 | OSt | ||
| 005 | 20251104123813.0 | ||
| 008 | 240712b |||||||| |||| 00| 0 eng d | ||
| 020 | _a007552614x | ||
| 040 |
_aDDC _cMUST |
||
| 082 |
_219 _a339 MCC 1996 |
||
| 100 |
_aMcConnell, Campbell; [et....al] _918721 |
||
| 245 |
_aMacroeconomics: _bCanada in the Global Economy |
||
| 250 | _a7 Ed. | ||
| 260 |
_aNew York: _bMcGraw-Hill Ryerson Limited; _c1996. |
||
| 300 |
_axxvi,611p.: _bill,;( col) |
||
| 504 | _aIncludes Bibliographical Indexes | ||
| 650 |
_aEconomics _9975 |
||
| 650 |
_aMacroeconomics _97608 |
||
| 942 |
_2ddc _cO_SHELF |
||
| 999 |
_c9178 _d9178 |
||